Library of the University of Algiers 3
Ibrahim Sultan Cheibout
شعار جامعة الجزائر 3
مكتبة جامعة الجزائر 3
إبراهيم سلطان شيبوط

أخلاقيات الأعمال الادارية و الاقتصادية في عالم متغير / (رقم التسجيلة. 43924)

تفاصيل مارك
000 -LEADER
fixed length control field 01596nam a2200241Ia 4500
003 - CONTROL NUMBER IDENTIFIER
control field Ost
005 - DATE AND TIME OF LATEST TRANSACTION
control field 20260507075321.0
008 - FIXED-LENGTH DATA ELEMENTS--GENERAL INFORMATION
fixed length control field 260507s9999||||xx |||||||||||||| ||und||
040 ## - CATALOGING SOURCE
Transcribing agency fsecg
041 ## - LANGUAGE CODE
Language code of text/sound track or separate title ara
082 ## - DEWEY DECIMAL CLASSIFICATION NUMBER
Classification number 174.4
100 ## - MAIN ENTRY--PERSONAL NAME
Personal name حبيب، كميل
Relator term مؤلف
245 #0 - TITLE STATEMENT
Title أخلاقيات الأعمال الادارية و الاقتصادية في عالم متغير /
Statement of responsibility, etc. كميل حبيب
250 ## - EDITION STATEMENT
Edition statement طبعة 2 مزيدة و منقحة
260 ## - PUBLICATION, DISTRIBUTION, ETC.
Place of publication, distribution, etc. لبنان:
Name of publisher, distributor, etc. المؤسسة الحديثة للكتاب,
Date of publication, distribution, etc. 2010
300 ## - PHYSICAL DESCRIPTION
Extent 282 صفحة؛
Dimensions 21 سم
504 ## - BIBLIOGRAPHY, ETC. NOTE
Bibliography, etc. note ملاحق ص.253 ببليوغرافيا: ص.280-282
520 ## - SUMMARY, ETC.
Summary, etc. التطور الفكري لمبدأ الاخلاقيات في الاعمال ، القيم الأخلاقية في العمل، الادارة الاخلاقية و الاخلاقيات في الادارة العامة ، مبادئ أخلاقية في أعمال الشركة و المؤسسة، الاخلاقيات في العمل السياسي، الشفافية و المساءلة، الحداثة و الاخلاقيات في الاعمال، أخلاقيات التسويق، الخصخصة و الاجراءات الأخلاقية في الأعمال، أخلاقيات العمل الاعلامي، العولمة بأبعادها الاقتصادية و السياسية و الثقافية، العولمة و الاخلاقيات في الاعمال
653 ## - INDEX TERM--UNCONTROLLED
Uncontrolled term إدارة الأعمال
653 ## - INDEX TERM--UNCONTROLLED
Uncontrolled term الأخلاق المهنية
700 ## - ADDED ENTRY--PERSONAL NAME
Personal name بولس، جان
Relator term مؤلف ثانوي
942 ## - ADDED ENTRY ELEMENTS (KOHA)
Koha item type كتب
المقتنيات
Withdrawn status Lost status Source of classification or shelving scheme Damaged status Not for loan Home library Current library Date acquired Serial enumeration / chronology Inventory number Total checkouts Full call number Barcode Date last seen Price effective from Koha item type
    Dewey Decimal Classification   NOT LOAN / إعارة داخلية مكتبة كلية العلوم الإقتصادية والعلوم التجارية وعلوم التسيير مكتبة كلية العلوم الإقتصادية والعلوم التجارية وعلوم التسيير 07/05/2026 الطابق الأرضي 20197   أ/3960ن1 20197 07/05/2026 07/05/2026 كتب
    Dewey Decimal Classification   Available مكتبة كلية العلوم الإقتصادية والعلوم التجارية وعلوم التسيير مكتبة كلية العلوم الإقتصادية والعلوم التجارية وعلوم التسيير 07/05/2026 الطابق الأرضي 20198   أ/3960ن2 20198 07/05/2026 07/05/2026 كتب
    Dewey Decimal Classification   Available مكتبة كلية العلوم الإقتصادية والعلوم التجارية وعلوم التسيير مكتبة كلية العلوم الإقتصادية والعلوم التجارية وعلوم التسيير 07/05/2026 الطابق الأرضي 20199   أ/3960ن3 20199 07/05/2026 07/05/2026 كتب
    Dewey Decimal Classification   Available مكتبة كلية العلوم الإقتصادية والعلوم التجارية وعلوم التسيير مكتبة كلية العلوم الإقتصادية والعلوم التجارية وعلوم التسيير 07/05/2026 الطابق الأرضي 20200   أ/3960ن4 20200 07/05/2026 07/05/2026 كتب
    Dewey Decimal Classification   Available مكتبة كلية العلوم الإقتصادية والعلوم التجارية وعلوم التسيير مكتبة كلية العلوم الإقتصادية والعلوم التجارية وعلوم التسيير 07/05/2026 الطابق الأرضي 20201   أ/3960ن5 20201 07/05/2026 07/05/2026 كتب
    Dewey Decimal Classification   Available مكتبة كلية العلوم الإقتصادية والعلوم التجارية وعلوم التسيير مكتبة كلية العلوم الإقتصادية والعلوم التجارية وعلوم التسيير 07/05/2026 الطابق الثاني 20202   أ/3960ن6 20202 07/05/2026 07/05/2026 كتب
    Dewey Decimal Classification   Available مكتبة كلية العلوم الإقتصادية والعلوم التجارية وعلوم التسيير مكتبة كلية العلوم الإقتصادية والعلوم التجارية وعلوم التسيير 07/05/2026 الطابق الثاني 20203   أ/3960ن7 20203 07/05/2026 07/05/2026 كتب
    Dewey Decimal Classification   Available مكتبة كلية العلوم الإقتصادية والعلوم التجارية وعلوم التسيير مكتبة كلية العلوم الإقتصادية والعلوم التجارية وعلوم التسيير 07/05/2026 مكتبة بن عكنون 20204   أ/3960ن8 20204 07/05/2026 07/05/2026 كتب
    Dewey Decimal Classification   Available مكتبة كلية العلوم الإقتصادية والعلوم التجارية وعلوم التسيير مكتبة كلية العلوم الإقتصادية والعلوم التجارية وعلوم التسيير 07/05/2026 مكتبة بن عكنون 20205   أ/3960ن9 20205 07/05/2026 07/05/2026 كتب

موارد الويب المفتوحة


© University of Algiers 3 All Rights Reserved
|
Implemented by LECHELAH Riad